logo

Bir Sreshtho Munshi Abdur Rouf Library
Jhenaidah Cadet College

Beginning Android programming / (Record no. 11460)

MARC details
000 -LEADER
fixed length control field 00731nam a2200265 a 4500
001 - CONTROL NUMBER
JCCL Control Number 11460
003 - CONTROL NUMBER IDENTIFIER
JCCL marc code BD-JhCC
005 - DATE AND TIME OF LATEST TRANSACTION
control field 20190924083306.0
008 - FIXED-LENGTH DATA ELEMENTS--GENERAL INFORMATION
fixed length control field 190924s2014 ii a|||| |||| 000 0 eng d
020 ## - INTERNATIONAL STANDARD BOOK NUMBER
International Standard Book Number 9789332535930
035 ## - SYSTEM CONTROL NUMBER
system control number (BD-JhCC)11460
040 ## - CATALOGING SOURCE
Original cataloging agency BD-JhCC
Modifying agency BD-JhCC
041 ## - LANGUAGE CODE
Language code of Book eng
082 ## - DEWEY DECIMAL CLASSIFICATION NUMBER
Classification number 005.1
Author mark and Year GRA 2014
100 ## - MAIN ENTRY--PERSONAL NAME
Personal name Grant, Kevin
245 ## - TITLE STATEMENT
Title Beginning Android programming /
Statement of responsibility, etc Kevin Grant and Chris Haseman
260 ## - PUBLICATION, DISTRIBUTION, ETC. (IMPRINT)
Place of publication, distribution, etc New Delhi :
Name of publisher, distributor, etc Pearson,
Date of publication, distribution, etc ©2014.
300 ## - PHYSICAL DESCRIPTION
Pagination xv, 256 p. :
Other physical details ill. ;
Dimensions 23 cm.
504 ## - BIBLIOGRAPHY, ETC. NOTE
Bibliography, etc Includes index
650 ## - SUBJECT ADDED ENTRY--TOPICAL TERM
Topical term or geographic name as entry element Application software -- Development.
650 ## - SUBJECT ADDED ENTRY--TOPICAL TERM
Topical term or geographic name as entry element Computer programming
650 ## - SUBJECT ADDED ENTRY--TOPICAL TERM
Topical term or geographic name as entry element Mobile computing
700 ## - ADDED ENTRY--PERSONAL NAME
Personal name Haseman, Chris
942 ## - ADDED ENTRY ELEMENTS (KOHA)
Source of classification or shelving scheme Dewey Decimal Classification
Koha item type Books
Holdings
Source of classification or shelving scheme Damaged status Not for loan Home library Current library Shelving location Date of accession Cost, normal purchase price Total Checkouts Full call number Barcode Date last seen Date checked out Copy number Koha item type
Dewey Decimal Classification     JCC Rouf Library JCC Rouf Library General Stacks 06/24/2019 735.00 1 005.1 GRA 2014 15027 07/25/2022 06/20/2022 C-1 Books

JCC Library | Contacts | JCC Home

Last Update on 23 September 2017
Copyright @ 2017-2020 JCC Rouf Library
Rouf Library, Jhenidah Cadet College (JCC), Bangladesh